More iPhone 3 development : (Record no. 7226)
[ view plain ]
| 000 -LEADER | |
|---|---|
| fixed length control field | 01365cam a22002297a 4500 |
| 020 ## - INTERNATIONAL STANDARD BOOK NUMBER | |
| ISBN | 9781430225058 (pbk.) |
| 020 ## - INTERNATIONAL STANDARD BOOK NUMBER | |
| ISBN | 143022505X (pbk.) |
| 020 ## - INTERNATIONAL STANDARD BOOK NUMBER | |
| ISBN | 9781430227434 (electronic) |
| 020 ## - INTERNATIONAL STANDARD BOOK NUMBER | |
| ISBN | 1430227435 (electronic) |
| 050 00 - CALL NUMBER | |
| Classification number | QA76.8.I64 |
| Item number | .M34 |
| 100 1# - AUTHOR | |
| Personal name | Mark, Dave. |
| 245 10 - TITLE | |
| Title | More iPhone 3 development : |
| Remainder of title | tackling iPhone SDK 3 / |
| Statement of responsibility, etc | Dave Mark, Jeff LaMarche. |
| 260 ## - PUBLICATION INFORMATION | |
| Place of publication | [New York, N.Y.] : |
| Name of publisher | Apress : |
| -- | Distributed to the book trade worldwide by Springer-Verlag New York, |
| Year of publication | c2009. |
| 300 ## - DESCRIPTION | |
| Number of Pages | xv, 559 p. : |
| Other physical details | ill. ; |
| Dimensions | 24 cm. |
| 500 ## - NOTES | |
| General note | "More great iPhone API coverage, depth, and insight"--P. [1] of cover.<br/>Includes index |
| 505 0# - FORMATTED CONTENTS NOTE | |
| Table of Content | Here we go round again -- The anatomy of core data -- A super start : adding, displaying, and deleting data -- The devil in the detail view -- Preparing for change : migrations and versioning -- Custom managed objects -- Relationships, fetched properties, and expressions -- Peer-to-peer over Bluetooth using GameKit -- Online play : Bonjour and network streams -- Working with data from the Web -- MapKit -- Sending mail -- iPod library access -- Keeping your interface responsive -- Debugging -- The road goes ever on. |
| 650 #0 - SUBJECTS | |
| Topical Term | iPhone (Smartphone) |
| General subdivision | Programming. |
| 650 #0 - SUBJECTS | |
| Topical Term | Cell phones |
| General subdivision | Programming. |
| 650 #0 - SUBJECTS | |
| Topical Term | iPod touch (Digital music player) |
| 700 1# - OTHER AUTHORS | |
| Personal name | LaMarche, Jeff. |
| 942 ## - ADDED ENTRY ELEMENTS (KOHA) | |
| Koha item type | Books |
| Withdrawn status | Lost status | Home library | Current library | Shelving location | Date acquired | Full call number | Accession Number | Koha item type |
|---|---|---|---|---|---|---|---|---|
| Methodist University Library Main | Methodist University Library Main | General Stacks | QA76.8.I64 .M34 | 2329 | Books |